000 00984nam a2200241 a 4500
001 53852
003 BD-RjUL
005 20211209080030.0
008 161027s1961 bg ||||| |||| 00| 0 ben d
020 _c: TK 10.00
035 _a(BD-RjUL)53974
040 _aBD-RjUL
_bben
_cBD-RjUL
041 _aben
082 _223
_a891.4409
_bMAA 1961
100 _aমান্নান, কাজী আবদুল
_9135192
245 1 0 _aআধুনিক বাঙলা-সাহিত্যে মুসলিম সাধনা /
_cকাজী আবদুল মান্নান
260 _aরাজশাহী :
_bকাজী আবদুল মান্নান,
_c১৯৬১
300 _aখণ্ড. ;
_c২১ সেমি.
505 0 _aখণ্ড ১ --
650 _aবাংলা সাহিত্য
_xইতিহাস ও সমালোচনা
_9160864
650 _aBengali Literature
_xHistory & Criticism
_9160865
942 _2ddc
_cBK
999 _c53852
_d53852